Short History of Australian Literature (Record no. 13252)
[ view plain ]
| 000 -LEADER | |
|---|---|
| fixed length control field | 00424nam a22001697a 4500 |
| 003 - CONTROL NUMBER IDENTIFIER | |
| control field | OSt |
| 008 - FIXED-LENGTH DATA ELEMENTS--GENERAL INFORMATION | |
| fixed length control field | 250409b |||||||| |||| 00| 0 eng d |
| 020 ## - INTERNATIONAL STANDARD BOOK NUMBER | |
| International Standard Book Number | 9789354422911 |
| 082 ## - DEWEY DECIMAL CLASSIFICATION NUMBER | |
| Classification number | 820.994 SHS |
| 100 ## - MAIN ENTRY--PERSONAL NAME | |
| Personal name | SHARRAD, Paul |
| 245 ## - TITLE STATEMENT | |
| Title | Short History of Australian Literature |
| 250 ## - EDITION STATEMENT | |
| Edition statement | Ist. ed., |
| 260 ## - PUBLICATION, DISTRIBUTION, ETC. (IMPRINT) | |
| Place of publication, distribution, etc | Telangana, India, |
| Name of publisher, distributor, etc | Orient BlackSwan, |
| Date of publication, distribution, etc | 2024, |
| 300 ## - PHYSICAL DESCRIPTION | |
| Extent | 342 p. |
| 650 ## - SUBJECT ADDED ENTRY--TOPICAL TERM | |
| Topical term or geographic name as entry element | English |
| 942 ## - ADDED ENTRY ELEMENTS (KOHA) | |
| Source of classification or shelving scheme | Dewey Decimal Classification |
| Koha item type | Text Books |
| Withdrawn status | Lost status | Source of classification or shelving scheme | Damaged status | Not for loan | Collection code | Home library | Current library | Date acquired | Source of acquisition | Currency | Cost, normal purchase price | Bill Number | Total Checkouts | Full call number | Acc. no. / Barcode | Date last seen | Actual Cost, discounted price | Bill Date | Koha item type |
|---|---|---|---|---|---|---|---|---|---|---|---|---|---|---|---|---|---|---|---|
| Dewey Decimal Classification | B.A Hons. English | PIET NCR College Library | PIET NCR College Library | 04/04/2025 | Zafaa Books & Distributers | In Rupees | 845.00 | ZBD0005 | 820.994 SHS | N3866 | 09/04/2025 | 591.50 | 04/04/2025 | Reference Books | |||||
| Dewey Decimal Classification | B.A Hons. English | PIET NCR College Library | PIET NCR College Library | 04/04/2025 | Zafaa Books & Distributers | In Rupees | 845.00 | ZBD0005 | 820.994 SHS | N3867 | 09/04/2025 | 591.50 | 04/04/2025 | Text Books |